Normal view
MARC view
- Gariyali, C K
Entry Personal Name
001 - CONTROL NUMBER
- control field: 6924
003 - CONTROL NUMBER IDENTIFIER
- control field: OSt
005 - DATE AND TIME OF LATEST TRANSACTION
- control field: 20180927122853.0
008 - FIXED-LENGTH DATA ELEMENTS
- fixed length control field: 180927|| aca||aabn | a|a d
040 ## - CATALOGING SOURCE
- Original cataloging agency: OSt
- Transcribing agency: OSt
100 ## - HEADING--PERSONAL NAME
- Personal name: Gariyali, C K
670 ## - SOURCE DATA FOUND
- Source citation: Work cat.: (OSt): Gariyali, C K, Women`s Own, 2004